000 00650nam a22002177a 4500
008 151013b xxu||||| |||| 00| 0 eng d
020 _a0312202008j
041 0 _aeng
080 _a316.77
100 1 _aCampbell, Richard,
245 1 0 _aMedia and culture :
_cRichard Campbell, with Christopher R. Martin and Bettina Fabos.
250 _a2nd ed.
260 _aBoston :
_bBedford/St. Martin's,
_c2000.
300 _axxxiii, 555 f. :
_bme il.;
_c26 cm.
650 0 _aMedia
650 0 _aKultura
650 0 _aKomunikim
700 1 _aMartin, Christopher R.
700 1 _aFabos, Bettina.
942 _2udc
_cBK
999 _c1270
_d1270